000 00568nam a22002297a 4500
003 UA-OsUOA
001 53382
007 ta
008 20080331b un ||||| |||| 00| 0 ukr d
100 _aЛук'яненко Л.
090 _a94(477).152
_bЛ84
942 _cBR
040 _aUA-OsUOA
_bukr
_cUA-OsUOA
_dUA-OsUOA
245 _aЩо далі?
300 _a48 с.
955 _a3
041 _aukr
080 _a94(477).152
260 _aК.
_bУЦІС
_c1989
650 7 _a9 Географія. Біографії. Історія
_2UDC
999 _c339468
_d339468